| 000 | 00329nam a2200121Ia 4500 | ||
|---|---|---|---|
| 008 | 230907s9999||||xx |||||||||||||| ||und|| | ||
| 082 |
_a621.433 _bGAN |
||
| 100 |
_aGanesan, V. _955528 |
||
| 245 | 0 | _aGas turbines / | |
| 260 |
_aMcGraw-Hill Educaion (India) Pvt. Ltd., _bNew Delhi : _c2016 |
||
| 300 | _axxiii, 627 p. | ||
| 942 | _cBK | ||
| 999 |
_c598158 _d598158 |
||